Zmeny v organizovaní podnikov v dôsledku krízy a nové výzvy diplomová práca

Uložené v:
Podrobná bibliografia
Hlavný autor: Čerňanská, Jana
Korporativný autor: Fakulta podnikového manažmentu EU. Katedra manažmentu
Ďalší autori: Thomasová, Elena
Médium: Kniha
Jazyk:Slovak
Vydavateľské údaje: Bratislava 2014
Tagy: Pridať tag
Žiadne tagy, Buďte prvý, kto otaguje tento záznam!

MARC

LEADER 00000nbm a2200000 4500
001 0192063
005 20240627114031.2
041 0 |a slo 
044 |a SK 
245 1 0 |a Zmeny v organizovaní podnikov v dôsledku krízy a nové výzvy  |b diplomová práca  |c Jana Čerňanská ; školiteľ: Elena Thomasová 
264 1 |a Bratislava  |c 2014 
300 |a 62 s. 
100 1 |a Čerňanská, Jana 
700 1 |a Thomasová, Elena 
710 2 |a Fakulta podnikového manažmentu EU. Katedra manažmentu